00759 a2200385 4500000002100000001000700021005001700028008004100045010000500086020000500091082001900096100002200115110000500137245007000142250000500212260004700217300001000264490000700274500000500281600000500286610000500291611000500296630000500301650000500306651000500311654000500316700000900321710000900330711000500339720000500344730000500349740000500354752000500359856000900364BKB 07211820200902151139.0  a a a612.8312bM82S1 aMorimoto, Hiroaki a1 aStochastic control and mathematical modelingcby Hiroaki Morimoto a aNew YorkbCambridge University Pressc2010 a325p. av a a a a a a a a abc abc a a a a a adf